| 000 | 01247nam a22002537a 4500 | ||
|---|---|---|---|
| 008 | 230602e20241104xxk|||||o|||| 00| 0 eng d | ||
| 041 | _aeng | ||
| 110 | _aRoyal Institution of Chartered Surveyors | ||
| 245 |
_aPrincipal Designer role – Building Regulations _h[Email] |
||
| 260 |
_aLondon, _bRoyal Institution of Chartered Surveyors, _c11 April 2024 |
||
| 300 | _aemail | ||
| 490 | _aRICS Email | ||
| 520 | _aInvites members to fill out a survey to determine awareness of the new role of Principal Designer (Building Regulations) under the Building Safety Act 2022. The survey results will help inform RICS of what it can do to support its members better. | ||
| 650 | _aBUILDING CONTROL | ||
| 650 | _aPRINCIPAL DESIGNER | ||
| 650 | _aBUILDING SAFETY ACT 2022 | ||
| 651 | _aUnited Kingdom | ||
| 690 |
_96225 _aBuilding surveying |
||
| 690 |
_aBuilding control _96222 |
||
| 710 | _aRoyal Institution of Chartered Surveyors | ||
| 856 |
_uhttps://www.rics.org/content/dam/ricsglobal/documents/regulation/RICS%20Practice%20Alert%20-%20UK%20Home%20Surveys.pdf _zView the online Practice Update |
||
| 856 |
_uhttps://rics.koha-ptfs.co.uk/cgi-bin/koha/opac-retrieve-file.pl?id=2f00e70eb4453051d07953422b860dff _zView email |
||
| 942 | _n0 | ||
| 999 |
_c121902 _d121902 |
||